书目信息 |
| 题名: |
中国共产党党内监督条例(试行)释解
|
|
| 作者: | 本书编写组编 | |
| 分册: | ||
| 出版信息: | 北京 中国法制出版社 2004.03 |
|
| 页数: | 196页 | |
| 开本: | 19cm | |
| 丛书名: | ||
| 单 册: | ||
| 中图分类: | D922.18 | |
| 科图分类: | ||
| 主题词: | 法律--中国 | |
| 电子资源: | ||
| ISBN: | 7-80182-267-6 | |
| 000 | 00624nam0 2200193 450 | |
| 001 | 0735956397 | |
| 005 | 20080108204400.42 | |
| 010 | @a7-80182-267-6@dCNY13.00 | |
| 100 | @a20071229d2004 km y0chiy0120 ea | |
| 101 | 0 | @achi |
| 102 | @aCN@b110000 | |
| 200 | 1 | @a中国共产党党内监督条例(试行)释解@Azhong guo gong chan dang dang nei jian du tiao li(shi xing)shi jie@f本书编写组编@Fben shu bian xie zu bian |
| 210 | @a北京@c中国法制出版社@d2004.03 | |
| 215 | @a196页@d19cm | |
| 606 | 0 | @a法律@x中国 |
| 690 | @aD922.18@v4 | |
| 801 | 0 | @aCN@b大连网信软件有限公司图书馆@c20080108 |
| 905 | @aBZT@dD922.18@e1 | |
| 906 | @dCNY13.00@n0@r1 | |
| 中国共产党党内监督条例(试行)释解/本书编写组编.-北京:中国法制出版社,2004.03 |
| 196页;19cm |
| ISBN 7-80182-267-6:CNY13.00 |
| ● |
| 相关链接 |
|
|
|
正题名:中国共产党党内监督条例(试行)释解
索取号:D922.18/1
 
预约/预借
| 序号 | 登录号 | 条形码 | 馆藏地/架位号 | 状态 | 备注 |
| 1 | 614535 | 2000614535 | 中心书库南/013架A面2层2列/ [索取号:D922.18/1] | 在馆 | |
| 2 | 614536 | 2000614536 | 中心书库南/013架A面2层2列/ [索取号:D922.18/1] | 在馆 | |
| 3 | 614537 | 2000614537 | 中心书库南/013架A面2层2列/ [索取号:D922.18/1] | 在馆 | |
| 4 | 614538 | 2000614538 | 中心书库南/013架A面2层2列/ [索取号:D922.18/1] | 在馆 | |
| 5 | 614539 | 2000614539 | 中心书库南/013架A面2层2列/ [索取号:D922.18/1] | 在馆 | |
| 6 | 614540 | 2000614540 | 中心书库南/013架A面2层2列/ [索取号:D922.18/1] | 在馆 | |
| 7 | 614541 | 2000614541 | 中心书库南/013架A面2层2列/ [索取号:D922.18/1] | 在馆 | |
| 8 | 614542 | 2000614542 | 中心书库南/013架A面2层2列/ [索取号:D922.18/1] | 在馆 | |
| 9 | 614543 | 2000614543 | 中心书库南/013架A面2层2列/ [索取号:D922.18/1] | 在馆 | |
| 10 | 614544 | 2000614544 | 中心书库南/013架A面2层2列/ [索取号:D922.18/1] | 在馆 |